''How may i help you? says a robot : (Record no. 23167)
[ view plain ]
| 000 -LEADER | |
|---|---|
| fixed length control field | 00963nam a22002417a 4500 |
| 003 - CONTROL NUMBER IDENTIFIER | |
| control field | OSt |
| 005 - DATE AND TIME OF LATEST TRANSACTION | |
| control field | 20251212173441.0 |
| 008 - FIXED-LENGTH DATA ELEMENTS--GENERAL INFORMATION | |
| fixed length control field | 241112b |||||||| |||| 00| 0 eng d |
| 040 ## - CATALOGING SOURCE | |
| Transcribing agency | 0 |
| 082 ## - DEWEY DECIMAL CLASSIFICATION NUMBER | |
| Classification number | DPer 647.94068 In821 August-October 2019 v. 81-83 |
| 100 ## - MAIN ENTRY--PERSONAL NAME | |
| Personal name | Choi, Sungwoo. |
| Relator term | author. |
| 9 (RLIN) | 63975 |
| 245 ## - TITLE STATEMENT | |
| Title | ''How may i help you? says a robot : |
| Remainder of title | examining language styles in the service encounter / |
| Statement of responsibility, etc. | Sungwoo Choi, Stephanie Q. Liu, and Anna S. Mattila. |
| 260 ## - PUBLICATION, DISTRIBUTION, ETC. (IMPRINT) | |
| Place of publication, distribution, etc. | Amsterdam ; |
| Name of publisher, distributor, etc. | Elsevier, |
| Date of publication, distribution, etc. | September 2019. |
| 300 ## - PHYSICAL DESCRIPTION | |
| Extent | Volume 66, pages 32-38 : |
| Other physical details | illustration ; |
| Dimensions | 28 cm. |
| 500 ## - GENERAL NOTE | |
| General note | International Journal of Hospitality Management, vol. 81, pages 32-38, August 2019. |
| 650 #0 - SUBJECT ADDED ENTRY--TOPICAL TERM | |
| Topical term or geographic name as entry element | Language style. |
| 9 (RLIN) | 66591 |
| 650 #0 - SUBJECT ADDED ENTRY--TOPICAL TERM | |
| Topical term or geographic name as entry element | Service encounter. |
| 9 (RLIN) | 66592 |
| 650 #0 - SUBJECT ADDED ENTRY--TOPICAL TERM | |
| Topical term or geographic name as entry element | Service agent. |
| 9 (RLIN) | 66593 |
| 700 ## - ADDED ENTRY--PERSONAL NAME | |
| Personal name | Choi, Sungwoo, |
| Relator term | author. |
| 9 (RLIN) | 63974 |
| 700 ## - ADDED ENTRY--PERSONAL NAME | |
| Personal name | Liu, Stephanie Q. |
| Relator term | author. |
| 9 (RLIN) | 66735 |
| 700 ## - ADDED ENTRY--PERSONAL NAME | |
| Personal name | Mattila, Anna S. |
| Relator term | author. |
| 9 (RLIN) | 66736 |
| 942 ## - ADDED ENTRY ELEMENTS (KOHA) | |
| Source of classification or shelving scheme | Dewey Decimal Classification |
| Koha item type | Periodicals |
| Withdrawn status | Lost status | Source of classification or shelving scheme | Damaged status | Not for loan | Collection code | Home library | Current library | Date acquired | Total Checkouts | Full call number | Date last seen | Price effective from | Koha item type | Public note |
|---|---|---|---|---|---|---|---|---|---|---|---|---|---|---|
| Dewey Decimal Classification | Periodicals | UM Digos College - LIC | UM Digos College - LIC | 11/12/2024 | DPer647.94068 August-October 2019 v. 81-83 | 11/12/2024 | 11/12/2024 | Periodicals | Periodical Article |
